Acteur français par image - Statistiques

Statistiques générales
  • Ce quiz a été pris 200 fois
  • Le résultat moyen est 11 sur 16
Statistiques - réponses
Par images Réponse % Correct
Sy
98%
De Funès
94%
Dujardin
93%
Niney
91%
Clavier
87%
Chabat
85%
Cotillard
85%
Bourvil
71%
Delon
71%
Belmondo
68%
Deneuve
66%
Auteuil
54%
Laroque
53%
Gabin
43%
Rochefort
42%
Binoche
25%
Aucun quiz correspondant
Distribution des résultats
% des personnes avec chaque résultat
Percentile par nombre de réponses
Votre historique - résultats
Vous n’avez pas pris ce quiz